[Event "GBR-ch U1750 op 105th"]
[Site "Hull"]
[Date "2018.08.03"]
[Round "5"]
[White "Gogna, Avi"]
[Black "Zigmond, Andrew"]
[Result "1/2-1/2"]
[WhiteElo "1512"]
[BlackElo "1539"]
[PlyCount "63"]
[EventDate "2018.07.30"]
[EventType "swiss"]
[EventRounds "5"]
[EventCountry "ENG"]
[SourceTitle "EXT 2021"]
[Source "ChessBase"]
[SourceDate "2020.10.23"]
[SourceVersion "1"]
[SourceVersionDate "2020.10.23"]
[SourceQuality "1"]

1. d4 Nf6 2. c4 e6 3. g3 Bb4+ 4. Bd2 Bxd2+ 5. Nxd2 d5 6. Bg2 Nbd7 7. Ngf3 c6 8. 0-0 0-0 9. Qc2 dxc4 10. Nxc4 Nb6 11. Nce5 Nbd7 12. Rfd1 Qe7 13. Rac1 Nxe5 14. Nxe5 Nd5 15. a3 Bd7 16. e3 Rac8 17. Qc5 Qxc5 18. Rxc5 Rfd8 19. Rdc1 f6 20. Nxd7 Rxd7 21. b4 Rdc7 22. Kf1 a6 23. Ke2 Kf7 24. R5c2 Ke7 25. e4 Nb6 26. d5 e5 27. Bh3 Nd7 28. Rd2 cxd5 29. Rxc7 Rxc7 30. exd5 Rc3 31. d6+ Kd8 32. Rd3 1/2-1/2

[Event "GBR-ch U1900 op 105th"]
[Site "Hull"]
[Date "2018.08.03"]
[Round "5"]
[White "Shaddick, John"]
[Black "Gogna, Avi"]
[Result "1/2-1/2"]
[WhiteElo "1667"]
[BlackElo "1512"]
[PlyCount "49"]
[EventDate "2018.07.30"]
[EventType "swiss"]
[EventRounds "5"]
[EventCountry "ENG"]
[SourceTitle "EXT 2021"]
[Source "ChessBase"]
[SourceDate "2020.10.23"]
[SourceVersion "1"]
[SourceVersionDate "2020.10.23"]
[SourceQuality "1"]

1. e4 c5 2. Nf3 e6 3. d4 cxd4 4. Nxd4 a6 5. g3 Qc7 6. Bg2 Nf6 7. 0-0 Be7 8. Nc3 0-0 9. Be3 Nc6 10. f4 d6 11. Nxc6 bxc6 12. Qe2 Bb7 13. h3 c5 14. Rad1 Rfd8 15. Rfe1 Bf8 16. g4 g6 17. Qf2 Nd7 18. Ne2 Rac8 19. f5 exf5 20. gxf5 Nb6 21. fxg6 hxg6 22. Bg5 Re8 23. Ng3 Bg7 24. c3 Nc4 25. Bf4 1/2-1/2

[Event "GBR-ch U1750 op 105th"]
[Site "Hull"]
[Date "2018.07.30"]
[Round "1"]
[White "Gogna, Avi"]
[Black "Patel, Devan"]
[Result "0-1"]
[WhiteElo "1512"]
[BlackElo "1716"]
[PlyCount "76"]
[EventDate "2018.07.30"]
[EventType "swiss"]
[EventRounds "5"]
[EventCountry "ENG"]
[SourceTitle "EXT 2021"]
[Source "ChessBase"]
[SourceDate "2020.10.23"]
[SourceVersion "1"]
[SourceVersionDate "2020.10.23"]
[SourceQuality "1"]

1. d4 d5 2. Nf3 Bf5 3. c4 e6 4. g3 Nf6 5. Bg2 Nbd7 6. 0-0 Be7 7. Nbd2 c6 8. b3 h6 9. Bb2 0-0 10. Rc1 Re8 11. a3 Ne4 12. e3 Ndf6 13. b4 a6 14. Qb3 Rc8 15. h3 Bd6 16. Rfd1 Qc7 17. Ne5 Nxd2 18. Rxd2 Ne4 19. Re2 f6 20. Nf3 Qf7 21. Qd1 g5 22. Nd2 Nxd2 23. Rxd2 Rc7 24. Qe2 Rce7 25. g4 Bg6 26. Qf1 h5 27. f4 hxg4 28. hxg4 Qh7 29. Qf3 Be4 30. Qg3 Bxg2 31. Kxg2 gxf4 32. Qf3 Qe4 33. Re1 Rg7 34. Kf2 Rh7 35. Kg2 Rh2+ 36. Kxh2 Qxf3 37. Kg1 Qg3+ 38. Rg2 Qxe1+ 0-1

[Event "GBR-ch 105th Morning op"]
[Site "Hull"]
[Date "2018.07.30"]
[Round "1"]
[White "Wells, Jonathan C"]
[Black "Gogna, Avi"]
[Result "1-0"]
[WhiteElo "1955"]
[BlackElo "1512"]
[PlyCount "69"]
[EventDate "2018.07.30"]
[EventType "swiss"]
[EventRounds "5"]
[EventCountry "ENG"]
[SourceTitle "EXT 2019"]
[Source "ChessBase"]
[SourceDate "2018.10.10"]
[SourceVersion "1"]
[SourceVersionDate "2018.10.10"]
[SourceQuality "1"]

1. d4 Nf6 2. c4 g6 3. g3 Bg7 4. Bg2 0-0 5. Nc3 d6 6. Nf3 c6 7. 0-0 Qa5 8. e4 e5 9. d5 cxd5 10. cxd5 Bd7 11. a3 Na6 12. Bd2 Rfc8 13. b4 Qd8 14. Qe2 Nc7 15. b5 a6 16. a4 axb5 17. axb5 Be8 18. Be3 Rxa1 19. Rxa1 Ra8 20. Rc1 h6 21. Bf1 Nd7 22. Qc4 Rc8 23. Na4 Nc5 24. Bxc5 Bxb5 25. Qb3 Bxa4 26. Qxa4 dxc5 27. Rxc5 Qd6 28. Qc2 Bf8 29. Rc4 Be7 30. Bh3 f5 31. exf5 Qd7 32. f6 Qxh3 33. Qxg6+ Kf8 34. Qg7+ Ke8 35. Qxe7# 1-0

[Event "Glorney Cup"]
[Site "Paisley"]
[Date "2018.07.17"]
[Round "4.4"]
[White "Gogna, Avi"]
[Black "Nolan, Dermot"]
[Result "0-1"]
[WhiteElo "1512"]
[BlackElo "1762"]
[PlyCount "58"]
[EventDate "2018.07.16"]
[EventType "team-tourn"]
[EventRounds "5"]
[EventCountry "SCO"]
[SourceTitle "EXT 2021"]
[Source "ChessBase"]
[SourceDate "2020.10.23"]
[SourceVersion "1"]
[SourceVersionDate "2020.10.23"]
[SourceQuality "1"]
[WhiteTeam "England U18"]
[BlackTeam "Ireland U18"]
[WhiteTeamCountry "ENG"]
[BlackTeamCountry "IRL"]

1. d4 Nf6 2. Nf3 g6 3. c4 Bg7 4. g3 0-0 5. Bg2 d6 6. 0-0 Nbd7 7. Qc2 c6 8. Nc3 e5 9. Rd1 Qc7 10. b3 b6 11. Ba3 Re8 12. dxe5 dxe5 13. Bd6 Qb7 14. Ng5 h6 15. Nge4 Nxe4 16. Qxe4 a5 17. Qxc6 Ra7 18. Nb5 e4 19. Rac1 Qxc6 20. Nxa7 Qa8 21. Nb5 Qc6 22. Nc7 Rd8 23. Be7 Qxc7 24. Bxd8 Qxd8 25. Bxe4 Qe7 26. Bf3 Nc5 27. Bg2 Bb7 28. Bxb7 Nxb7 29. e3 Nc5 0-1

[Event "Glorney Cup"]
[Site "Paisley"]
[Date "2018.07.17"]
[Round "3.14"]
[White "Gogna, Avi"]
[Black "Sanger, Jake M"]
[Result "0-1"]
[WhiteElo "1512"]
[BlackElo "1841"]
[PlyCount "78"]
[EventDate "2018.07.16"]
[EventType "team-tourn"]
[EventRounds "5"]
[EventCountry "SCO"]
[SourceTitle "EXT 2021"]
[Source "ChessBase"]
[SourceDate "2020.10.23"]
[SourceVersion "1"]
[SourceVersionDate "2020.10.23"]
[SourceQuality "1"]
[WhiteTeam "England U18"]
[BlackTeam "Scotland U18"]
[WhiteTeamCountry "ENG"]
[BlackTeamCountry "SCO"]

1. d4 Nf6 2. Nf3 g6 3. c4 Bg7 4. g3 c6 5. Bg2 0-0 6. 0-0 d5 7. Nbd2 Nbd7 8. b3 Qa5 9. Bb2 Ne4 10. Qc2 Ndf6 11. e3 Bf5 12. Nxe4 Nxe4 13. Qe2 Rfd8 14. Nh4 Be6 15. Bxe4 dxe4 16. Qc2 Bh3 17. Rfe1 g5 18. Bc3 Qc7 19. Ng2 f5 20. Rec1 Qd6 21. Ne1 Bg4 22. f3 exf3 23. Qf2 f4 24. gxf4 gxf4 25. Rd1 fxe3 26. Qxe3 f2+ 27. Qxf2 Bxd1 28. Rxd1 c5 29. Nc2 cxd4 30. Qg2 Qg6 31. Qxg6 hxg6 32. Bb4 e5 33. Be7 Rd7 34. Bg5 Rb8 35. Ne3 b5 36. Kg2 Rbb7 37. Ng4 bxc4 38. bxc4 Rdc7 39. Rd2 Rxc4 0-1

[Event "Glorney Cup"]
[Site "Paisley"]
[Date "2018.07.16"]
[Round "1.9"]
[White "Gogna, Avi"]
[Black "Fowler, Hugo"]
[Result "1/2-1/2"]
[WhiteElo "1512"]
[BlackElo "1778"]
[PlyCount "53"]
[EventDate "2018.07.16"]
[EventType "team-tourn"]
[EventRounds "5"]
[EventCountry "SCO"]
[SourceTitle "EXT 2021"]
[Source "ChessBase"]
[SourceDate "2020.10.23"]
[SourceVersion "1"]
[SourceVersionDate "2020.10.23"]
[SourceQuality "1"]
[WhiteTeam "England U18"]
[BlackTeam "Wales"]
[WhiteTeamCountry "ENG"]
[BlackTeamCountry "WLS"]

1. d4 Nf6 2. c4 g6 3. Nf3 Bg7 4. g3 0-0 5. Bg2 c5 6. d5 d6 7. 0-0 Bf5 8. Nbd2 Qc8 9. Re1 Nbd7 10. e4 Bg4 11. h3 Bxf3 12. Nxf3 Qc7 13. Qe2 Rfe8 14. Rb1 b6 15. b3 Rad8 16. e5 dxe5 17. Nxe5 Nxe5 18. Qxe5 Qd6 19. Qxd6 exd6 20. Bf4 Rxe1+ 21. Rxe1 Re8 22. Rxe8+ Nxe8 23. Kf1 Kf8 24. Ke2 Ke7 25. g4 Kd7 26. Be3 Nc7 27. Be4 1/2-1/2

[Event "BCF-chT4S 1718 (4NCL)"]
[Site "England"]
[Date "2018.02.10"]
[Round "5.43"]
[White "Gogna, Avi"]
[Black "Lightfoot, Malcolm J"]
[Result "0-1"]
[WhiteElo "1517"]
[BlackElo "1883"]
[PlyCount "82"]
[EventDate "2017.11.11"]
[EventType "team-swiss"]
[EventRounds "11"]
[EventCountry "ENG"]
[SourceTitle "EXT 2020"]
[Source "ChessBase"]
[SourceDate "2019.10.17"]
[SourceVersion "1"]
[SourceVersionDate "2019.10.17"]
[SourceQuality "1"]
[WhiteTeam "Watford"]
[BlackTeam "Iceni II"]
[WhiteTeamCountry "ENG"]
[BlackTeamCountry "ENG"]

1. d4 Nf6 2. Nf3 g6 3. c4 Bg7 4. g3 d5 5. Bg2 0-0 6. 0-0 dxc4 7. Qc2 Nc6 8. Qxc4 Be6 9. Qa4 Bd5 10. e3 Ne4 11. Nbd2 Nxd2 12. Bxd2 e5 13. Bc3 e4 14. Nd2 Re8 15. Qc2 Qe7 16. Nb3 b6 17. Rfd1 a5 18. Nc1 Nb8 19. Ne2 Nd7 20. b3 Nf6 21. Bb2 Rac8 22. Nc3 Bc6 23. Qe2 Bd7 24. Qd2 h5 25. Rac1 h4 26. d5 hxg3 27. hxg3 Bg4 28. Re1 Qd7 29. Bf1 Qf5 30. d6 Red8 31. Nb5 Bf3 32. Nd4 Qh5 33. Nxf3 exf3 34. Bxf6 Bxf6 35. Rxc7 Rxc7 36. dxc7 Rxd2 37. c8Q+ Kg7 38. Qc7 Be5 39. Qc8 Bxg3 40. Qc3+ Be5 41. Qxd2 Qh2# 0-1

[Event "BCF-chT4S 1718 (4NCL)"]
[Site "England"]
[Date "2018.01.13"]
[Round "3.45"]
[White "Gogna, Avi"]
[Black "Bussmann, John"]
[Result "1-0"]
[WhiteElo "1517"]
[BlackElo "1685"]
[PlyCount "79"]
[EventDate "2017.11.11"]
[EventType "team-swiss"]
[EventRounds "11"]
[EventCountry "ENG"]
[SourceTitle "EXT 2020"]
[Source "ChessBase"]
[SourceDate "2019.10.17"]
[SourceVersion "1"]
[SourceVersionDate "2019.10.17"]
[SourceQuality "1"]
[WhiteTeam "Watford"]
[BlackTeam "Surbiton"]
[WhiteTeamCountry "ENG"]
[BlackTeamCountry "ENG"]

1. d4 Nf6 2. Nf3 g6 3. c4 Bg7 4. g3 d6 5. Bg2 0-0 6. 0-0 c6 7. Nc3 d5 8. Nd2 b6 9. b3 Bb7 10. Bb2 e6 11. e3 Nbd7 12. Rc1 h5 13. h4 Ng4 14. Ne2 Ndf6 15. Nf4 Re8 16. Re1 Bf8 17. Nd3 Qb8 18. a3 Bd6 19. e4 dxe4 20. Nxe4 Nxe4 21. Rxe4 f5 22. Re1 Bxg3 23. fxg3 Qxg3 24. Qf3 Qxh4 25. Nf4 Qf6 26. Re2 Re7 27. d5 e5 28. dxc6 Qg5 29. cxb7 Rd8 30. Nd5 Red7 31. Rd1 e4 32. Qc3 Qh6 33. Nf6+ Nxf6 34. Rxd7 Nxd7 35. Qd4 Qh7 36. Rd2 Qh6 37. b8Q Rxb8 38. Qxd7 Qe3+ 39. Rf2 Qh6 40. Qe6+ 1-0

[Event "Daventry Robinson Cup U14"]
[Site "Daventry"]
[Date "2016.07.18"]
[Round "3.2"]
[White "Connolly Sams, Lukah"]
[Black "Gogna, Avi"]
[Result "0-1"]
[WhiteElo "1498"]
[BlackElo "1483"]
[PlyCount "66"]
[EventDate "2016.07.18"]
[EventType "team-schev"]
[EventRounds "5"]
[EventCountry "ENG"]
[SourceTitle "EXT 2020"]
[Source "ChessBase"]
[SourceDate "2019.10.17"]
[SourceVersion "1"]
[SourceVersionDate "2019.10.17"]
[SourceQuality "1"]
[WhiteTeam "Scotland"]
[BlackTeam "England II"]
[WhiteTeamCountry "SCO"]
[BlackTeamCountry "ENG"]

1. d4 Nf6 2. Nf3 g6 3. Nc3 d5 4. Bf4 a6 5. e3 Bg7 6. Be2 0-0 7. Ne5 b6 8. h4 Bb7 9. g4 Nfd7 10. h5 c5 11. hxg6 fxg6 12. Bxa6 Nxa6 13. Qf3 Bxe5 14. Qh3 Rf7 15. dxe5 e6 16. Nb5 Nf8 17. Nd6 Rd7 18. Qh6 Qe7 19. Bg5 Qg7 20. Qh4 Qxe5 21. Nxb7 Rxb7 22. Bf6 Qe4 23. Be7 Rxe7 24. Rh2 Rf7 25. c3 d4 26. 0-0-0 dxe3 27. Re1 e2 28. f4 Qxf4+ 29. Kb1 Qe4+ 30. Ka1 Rf1 31. Rhxe2 Rxe1+ 32. Rxe1 Qf4 33. Qh1 Ra7 0-1

[Event "Daventry Robinson Cup U14"]
[Site "Daventry"]
[Date "2016.07.18"]
[Round "4.3"]
[White "Gogna, Avi"]
[Black "Haque, Mustakim Ul"]
[Result "0-1"]
[WhiteElo "1483"]
[BlackElo "1839"]
[PlyCount "144"]
[EventDate "2016.07.18"]
[EventType "team-schev"]
[EventRounds "5"]
[EventCountry "ENG"]
[SourceTitle "EXT 2020"]
[Source "ChessBase"]
[SourceDate "2019.10.17"]
[SourceVersion "1"]
[SourceVersionDate "2019.10.17"]
[SourceQuality "1"]
[WhiteTeam "England II"]
[BlackTeam "Ireland"]
[WhiteTeamCountry "ENG"]
[BlackTeamCountry "IRL"]

1. d4 d6 2. Nf3 Nf6 3. c4 c6 4. g3 Bf5 5. Bg2 Bxb1 6. Rxb1 Qa5+ 7. Bd2 Qxa2 8. Qc2 Nbd7 9. 0-0 d5 10. Rfc1 Qxc4 11. Qxc4 dxc4 12. Rxc4 e6 13. Ra1 Bd6 14. Rca4 a6 15. Rc4 0-0 16. Ne1 e5 17. dxe5 Nxe5 18. Rc2 Rfe8 19. Bc3 Rad8 20. Ra4 Bf8 21. f4 Neg4 22. Rd2 Rxd2 23. Bxd2 Bc5+ 24. Kh1 Rxe2 25. Nf3 Nf2+ 26. Kg1 N2e4+ 27. Kf1 Rf2+ 28. Ke1 Nxd2 29. Nxd2 Rxg2 30. Rc4 Bb6 31. Rb4 Ba5 32. Rxb7 g6 33. b4 Bxb4 34. Rxb4 Rxh2 35. Rb6 Rg2 36. Rxc6 Kg7 37. Rxa6 Nh5 38. Ne4 Nxg3 39. Nxg3 Rxg3 40. Kf2 Rb3 41. Rd6 h6 42. Rc6 g5 43. fxg5 hxg5 44. Rc4 Kg6 45. Rc5 f5 46. Rc8 Kh5 47. Rh8+ Kg4 48. Rh1 Kf4 49. Rf1 Rf3+ 50. Kg2 Rxf1 51. Kxf1 g4 52. Kf2 g3+ 53. Kg2 Kg4 54. Kg1 f4 55. Kg2 f3+ 56. Kg1 Kh3 57. Kh1 g2+ 58. Kg1 f2+ 59. Kxf2 Kh2 60. Ke3 g1Q+ 61. Ke4 Qd1 62. Ke5 Qd3 63. Ke6 Qb5 64. Kd6 Kg3 65. Ke6 Qc5 66. Kf6 Qd5 67. Kg6 Qe5 68. Kh6 Kg4 69. Kh7 Qg5 70. Kh8 Kf5 71. Kh7 Kf6 72. Kh8 Qg7# 0-1

[Event "BCF-ch U12"]
[Site "Coventry"]
[Date "2015.08.06"]
[Round "6"]
[White "Wang, Susie"]
[Black "Gogna, Avi"]
[Result "1/2-1/2"]
[WhiteElo "115"]
[BlackElo "110"]
[PlyCount "76"]
[EventDate "2015.08.02"]
[EventType "swiss"]
[EventRounds "7"]
[EventCountry "ENG"]
[SourceTitle "CBM 167 Extra"]
[Source "ChessBase"]
[SourceDate "2015.09.14"]
[SourceVersion "1"]
[SourceVersionDate "2015.09.14"]
[SourceQuality "1"]

1. e4 c5 2. Nf3 e6 3. d4 cxd4 4. Nxd4 a6 5. Nc3 Qc7 6. Be3 Nf6 7. a3 b5 8. Be2 Bb7 9. f3 d6 10. 0-0 Be7 11. Qd2 Nbd7 12. Rad1 0-0 13. Nb3 Rac8 14. Bd3 Ne5 15. h3 Nfd7 16. f4 Nxd3 17. cxd3 Rfd8 18. Rc1 Qb8 19. f5 Nc5 20. Nxc5 dxc5 21. Qe2 Bf6 22. fxe6 fxe6 23. Rcd1 Bd4 24. Kh1 Bxe3 25. Qxe3 Qe5 26. Qf4 Qxf4 27. Rxf4 Rd7 28. Rf2 Rcd8 29. Rfd2 Kf7 30. e5 Kg6 31. Ne2 Kf5 32. d4 cxd4 33. Nxd4+ Kg6 34. Kg1 Rd5 35. g3 Rxe5 36. Nxe6 Rxd2 37. Nf4+ Kf6 38. Rxd2 g5 1/2-1/2

[Event "BCF-ch U12"]
[Site "Coventry"]
[Date "2015.08.04"]
[Round "4"]
[White "Miller, Max C"]
[Black "Gogna, Avi"]
[Result "0-1"]
[WhiteElo "120"]
[BlackElo "110"]
[PlyCount "84"]
[EventDate "2015.08.02"]
[EventType "swiss"]
[EventRounds "7"]
[EventCountry "ENG"]
[SourceTitle "CBM 167 Extra"]
[Source "ChessBase"]
[SourceDate "2015.09.14"]
[SourceVersion "1"]
[SourceVersionDate "2015.09.14"]
[SourceQuality "1"]

1. d4 Nf6 2. Nf3 g6 3. c4 Bg7 4. Nc3 d6 5. Bf4 0-0 6. e3 Nh5 7. Bg3 Nxg3 8. hxg3 c5 9. d5 e6 10. Qd2 Qe7 11. 0-0-0 Rd8 12. Bd3 Na6 13. a3 e5 14. e4 Bg4 15. Rh4 h5 16. Be2 Bxf3 17. Bxf3 Bf6 18. Rh2 Bg5 19. Qxg5 Qxg5+ 20. Kb1 Nc7 21. Be2 a6 22. Rdh1 Qf6 23. f3 b5 24. g4 Kf8 25. gxh5 gxh5 26. Rxh5 Qf4 27. Rf5 Qg3 28. Rh7 Rd7 29. cxb5 axb5 30. Nxb5 Qe1+ 31. Ka2 Qxe2 32. Nxc7 Qc4+ 33. Ka1 Qc1+ 34. Ka2 Qc4+ 35. Ka1 Rxc7 36. Rh8+ Ke7 37. Rxa8 Rb7 38. b4 cxb4 39. axb4 Qxb4 40. Rxf7+ Kxf7 41. Rf8+ Kxf8 42. f4 Ra7# 0-1

[Event "BCF-ch U12"]
[Site "Coventry"]
[Date "2015.08.03"]
[Round "3"]
[White "Gogna, Avi"]
[Black "Guha, Chirag"]
[Result "1/2-1/2"]
[WhiteElo "110"]
[BlackElo "1654"]
[PlyCount "107"]
[EventDate "2015.08.02"]
[EventType "swiss"]
[EventRounds "7"]
[EventCountry "ENG"]
[SourceTitle "CBM 167 Extra"]
[Source "ChessBase"]
[SourceDate "2015.09.14"]
[SourceVersion "1"]
[SourceVersionDate "2015.09.14"]
[SourceQuality "1"]

1. d4 d5 2. Nf3 Nf6 3. c4 c6 4. Nc3 dxc4 5. a4 Bf5 6. Ne5 e6 7. Nxc4 Nbd7 8. a5 Qc7 9. g3 Nd5 10. Bg2 Bb4 11. Bd2 Bxc3 12. bxc3 N7f6 13. f3 b5 14. axb6 Nxb6 15. Bf4 Qd8 16. Nd6+ Ke7 17. Nxf5+ exf5 18. Qd3 g6 19. Bg5 h6 20. Bf4 Nfd5 21. Be5 f6 22. Bf4 Nxf4 23. gxf4 Kf7 24. 0-0 Qd6 25. e3 Qe6 26. Rfb1 Rhe8 27. e4 fxe4 28. fxe4 Kg7 29. d5 cxd5 30. exd5 Qd6 31. Qf3 Red8 32. Kh1 Qc5 33. Qg3 Nxd5 34. Rd1 Ne7 35. Bxa8 Rxa8 36. Re1 Nf5 37. Qg1 Qxc3 38. Rxa7+ Rxa7 39. Qxa7+ Kf8 40. Qa8+ Kg7 41. Qb7+ Kf8 42. Qb8+ Kg7 43. Qb7+ Kf8 44. Qa8+ Kg7 45. Qb7+ Kf8 46. Rd1 Ne7 47. Rd8+ Kf7 48. Rd1 Qc6+ 49. Qxc6 Nxc6 50. Kg2 g5 51. Kf3 Kg6 52. Rd6 Ne7 53. Rd1 Nf5 54. Ke4 1/2-1/2

[Event "BCF-ch Week1 PM op"]
[Site "Coventry"]
[Date "2015.07.31"]
[Round "5"]
[White "Gogna, Avi"]
[Black "McDonagh, Michael"]
[Result "0-1"]
[WhiteElo "1525"]
[BlackElo "1782"]
[PlyCount "122"]
[EventDate "2015.07.27"]
[EventType "swiss"]
[EventRounds "5"]
[EventCountry "ENG"]
[SourceTitle "EXT 2016"]
[Source "ChessBase"]
[SourceDate "2015.10.08"]
[SourceVersion "1"]
[SourceVersionDate "2015.10.08"]
[SourceQuality "1"]

1. d4 e6 2. Nf3 Nf6 3. c4 Bb4+ 4. Bd2 c5 5. Nc3 0-0 6. Qc2 cxd4 7. Nxd4 d5 8. cxd5 Nxd5 9. Nxd5 Bxd2+ 10. Qxd2 Qxd5 11. e3 e5 12. Nb3 Be6 13. Rd1 Qxd2+ 14. Rxd2 Nc6 15. Nc1 Nb4 16. a3 Rac8 17. axb4 Rxc1+ 18. Rd1 Rfc8 19. Be2 Bb3 20. 0-0 Bxd1 21. Rxd1 Rxd1+ 22. Bxd1 Rc1 23. g3 Rxd1+ 24. Kg2 Rb1 25. Kf3 Rxb2 26. Ke4 f6 27. f4 exf4 28. exf4 Rxb4+ 29. Kd3 b5 30. Kc3 Rc4+ 31. Kb3 a5 32. f5 Kf7 33. h3 Ke7 34. g4 Kd6 35. g5 fxg5 36. h4 gxh4 37. f6 g5 38. f7 Ke7 39. f8Q+ Kxf8 40. Kb2 g4 41. Ka3 h3 42. Kb3 g3 43. Ka2 h5 44. Kb3 h4 45. Kb2 Ke7 46. Kb3 Kd6 47. Ka2 Kd5 48. Kb2 h2 49. Kb3 g2 50. Kb2 h3 51. Ka2 Rc3 52. Kb2 Kc4 53. Ka2 a4 54. Kb2 b4 55. Kb1 g1B 56. Kb2 h1B 57. Ka2 h2 58. Kb2 Bd4 59. Ka2 Be4 60. Kb2 Rc2+ 61. Kb1 h1R# 0-1

[Event "BCF-ch U140"]
[Site "Coventry"]
[Date "2015.07.28"]
[Round "2"]
[White "Sandercock, E Barry"]
[Black "Gogna, Avi"]
[Result "1-0"]
[WhiteElo "1710"]
[BlackElo "110"]
[PlyCount "61"]
[EventDate "2015.07.27"]
[EventType "swiss"]
[EventRounds "5"]
[EventCountry "ENG"]
[SourceTitle "EXT 2016"]
[Source "ChessBase"]
[SourceDate "2015.10.08"]
[SourceVersion "1"]
[SourceVersionDate "2015.10.08"]
[SourceQuality "1"]

1. e4 c5 2. Nf3 e6 3. d3 a6 4. Nbd2 Nc6 5. g3 d6 6. Bg2 Nf6 7. 0-0 Be7 8. c3 Qb6 9. Re1 0-0 10. Rb1 Rd8 11. b4 Qa7 12. Qe2 cxb4 13. cxb4 e5 14. Nc4 b5 15. Be3 Nd4 16. Bxd4 exd4 17. Na5 Bd7 18. Qb2 Ng4 19. h3 Ne5 20. Nxe5 dxe5 21. Rec1 Rac8 22. a3 h6 23. Rxc8 Rxc8 24. Rc1 Rxc1+ 25. Qxc1 Bd8 26. Nb3 Qc7 27. Nc5 Be7 28. Kf1 Kf8 29. Ne6+ Bxe6 30. Qxc7 Bf6 31. Qb8+ 1-0

[Event "BCF-ch Week1 PM op"]
[Site "Coventry"]
[Date "2015.07.27"]
[Round "1"]
[White "Gogna, Avi"]
[Black "Klingher, Dominic"]
[Result "0-1"]
[WhiteElo "1525"]
[BlackElo "1869"]
[PlyCount "70"]
[EventDate "2015.07.27"]
[EventType "swiss"]
[EventRounds "5"]
[EventCountry "ENG"]
[SourceTitle "EXT 2016"]
[Source "ChessBase"]
[SourceDate "2015.10.08"]
[SourceVersion "1"]
[SourceVersionDate "2015.10.08"]
[SourceQuality "1"]

1. d4 Nf6 2. Nf3 g6 3. c4 Bg7 4. g3 0-0 5. Bg2 d6 6. 0-0 Nbd7 7. Qc2 e5 8. Rd1 Qe7 9. Nc3 c6 10. b3 e4 11. Ng5 d5 12. cxd5 cxd5 13. Nb5 Ne8 14. Nh3 f5 15. Ba3 Qf7 16. Bxf8 Nxf8 17. Rac1 Ne6 18. e3 Bd7 19. Nc3 N8c7 20. Qe2 g5 21. a4 f4 22. gxf4 gxf4 23. Nxf4 Nxf4 24. exf4 Bh6 25. Nxe4 Bxf4 26. Nd2 Kh8 27. Kh1 Rg8 28. h3 Qg6 29. Rg1 Qh6 30. Qf1 Bd6 31. Nf3 Qf4 32. Ne5 Re8 33. b4 Rxe5 34. Rc3 Re3 35. Rxe3 Qh2# 0-1